000 00512nam a2200193 a 4500
005 20140412111422.0
008 080122s19uu xx 00 eng d
020 _a978-971-0417-60-5
050 _aTR(GS 370.15
_bT34 2007
245 _aThinking Skills.
260 _aPhilippines :
_bStraight Lines International,
_c2007.
440 _aJunior Academic Series
500 _aKindergaten. vol.2
650 _aOpposites
650 _aPatterns
650 _aComparisons
999 _c106093
_d106093